000
00305nam a22001337a 4500
008
171215b xxu||||| |||| 00| 0 eng d
020
_a
9781256549406
041
_a
eng
080
_a
61
100
_a
3
101
_a
SHM
245
_a
KEISER UNIVERSITY MEDICAL ASSISTANTING
_c
BOLES,P.F
942
_2
udc
_c
BK
999
_c
38969
_d
38969